| 000 | 00688nam a2200229 u 4500 | ||
|---|---|---|---|
| 005 | 20240831063739.0 | ||
| 008 | 111019s2006 es r 000 0 spa d | ||
| 020 | _a8420540196 (10 dígitos) | ||
| 020 | _a9788420540191 (13 dígitos) | ||
| 035 | _aUPN01000182264 | ||
| 049 | _aI | ||
| 050 | 4 |
_aPQ6651 M6.2 _bR4.4 2006 |
|
| 100 | 1 |
_aAmo Gili, Montserrat del, _d1927- _930835 |
|
| 245 | 1 | 3 |
_aLa reina de los mares / _cMontserrat del Amo ; il. Tesa González. |
| 250 | _a3a ed. | ||
| 260 |
_aMadrid : _bPearson Alhambra, _c2006. |
||
| 300 |
_a44 p. : _bil. |
||
| 440 | 0 |
_a+ 6 años ; _v10 |
|
| 650 | 4 |
_aCuentos infantiles españoles _97725 |
|
| 905 | _aInfantil | ||
| 999 |
_c154367 _d154367 |
||